Mostly harmless econometrics : (Record no. 22404)
[ view plain ]
| 000 -LEADER | |
|---|---|
| fixed length control field | 00943cam a22002655a 4500 |
| 001 - CONTROL NUMBER | |
| control field | 15344040 |
| 005 - DATE AND TIME OF LATEST TRANSACTION | |
| control field | 20201128023830.0 |
| 008 - FIXED-LENGTH DATA ELEMENTS--GENERAL INFORMATION | |
| fixed length control field | 080625t2009 njua frb 001 0 eng d |
| 020 ## - INTERNATIONAL STANDARD BOOK NUMBER | |
| International Standard Book Number | 9780691120355 |
| 040 ## - CATALOGING SOURCE | |
| Original cataloging agency | DLC |
| Transcribing agency | DLC |
| Modifying agency | BTCTA |
| -- | BAKER |
| -- | YDXCP |
| -- | C#P |
| -- | BWX |
| -- | CDX |
| -- | GZM |
| -- | UBA |
| -- | DLC |
| -- | EG-ScBUE |
| Language of cataloging | eng |
| 082 04 - DEWEY DECIMAL CLASSIFICATION NUMBER | |
| Classification number | 330.015195 |
| Edition number | 22 |
| Item number | ANG |
| 100 1# - MAIN ENTRY--PERSONAL NAME | |
| Personal name | Angrist, Joshua David. |
| 9 (RLIN) | 41232 |
| 245 10 - TITLE STATEMENT | |
| Title | Mostly harmless econometrics : |
| Remainder of title | an empiricist's companion / |
| Statement of responsibility, etc | Joshua D. Angrist and Jorn-Steffen Pischke. |
| 260 ## - PUBLICATION, DISTRIBUTION, ETC. (IMPRINT) | |
| Place of publication, distribution, etc | Princeton ; |
| -- | Oxford : |
| Name of publisher, distributor, etc | Princeton University Press, |
| Date of publication, distribution, etc | c.2009. |
| 300 ## - PHYSICAL DESCRIPTION | |
| Extent | xiii, 373 p. : |
| Other physical details | ill. ; |
| Dimensions | 22 cm. |
| 500 ## - GENERAL NOTE | |
| General note | Index : p. [361]-373. |
| 504 ## - BIBLIOGRAPHY, ETC. NOTE | |
| Bibliography, etc | Bibliography : p. [339]-359. |
| 650 #7 - SUBJECT ADDED ENTRY--TOPICAL TERM | |
| Topical term or geographic name as entry element | Econometrics. |
| Source of heading or term | BUEsh |
| 9 (RLIN) | 3215 |
| 650 #7 - SUBJECT ADDED ENTRY--TOPICAL TERM | |
| Topical term or geographic name as entry element | Regression analysis. |
| Source of heading or term | BUEsh |
| 9 (RLIN) | 712 |
| 650 #0 - SUBJECT ADDED ENTRY--TOPICAL TERM | |
| Topical term or geographic name as entry element | Regression modeling. |
| 9 (RLIN) | 39097 |
| 651 ## - SUBJECT ADDED ENTRY--GEOGRAPHIC NAME | |
| Source of heading or term | BUEsh |
| 653 ## - INDEX TERM--UNCONTROLLED | |
| Resource For college | BAEPS, Economics |
| Arrived date list | September2016 |
| 700 1# - ADDED ENTRY--PERSONAL NAME | |
| Personal name | Pischke, Jorn-Steffen. |
| 942 ## - ADDED ENTRY ELEMENTS (KOHA) | |
| Source of classification or shelving scheme | Dewey Decimal Classification |
| Withdrawn status | Item status | Source of classification or shelving scheme | Damaged status | Not for loan | Vendor | Home library | Current library | Shelving location | Date acquired | Source of acquisition | Cost, normal purchase price | Total Checkouts | Total Renewals | Full call number | Barcode | Date last seen | Date last borrowed | Koha item type |
|---|---|---|---|---|---|---|---|---|---|---|---|---|---|---|---|---|---|---|
| Dewey Decimal Classification | Baccah | Central Library | Central Library | First floor | 26/09/2016 | Purchase | 630.00 | 1 | 6 | 330.015195 ANG | 000033689 | 15/07/2025 | 20/03/2017 | Book - Borrowing | ||||
| Dewey Decimal Classification | Baccah | Central Library | Central Library | First floor | 26/09/2016 | Purchase | 630.00 | 330.015195 ANG | 000033690 | 15/07/2025 | Book - Borrowing | |||||||
| Dewey Decimal Classification | Baccah | Central Library | Central Library | First floor | 26/09/2016 | Purchase | 330.015195 ANG | 000033691 | 15/07/2025 | Book - Borrowing |